| 000 | 01192cam a22003497a 4500 | ||
|---|---|---|---|
| 003 | CHAP | ||
| 005 | 20220329133406.0 | ||
| 008 | 971013c19891983 r 00010 d | ||
| 010 | _a5823 | ||
| 011 | _a6795 | ||
| 035 | _a6018 | ||
| 040 | _cCHAP | ||
| 082 |
_a598.2 _bF37 |
||
| 100 | 0 | 0 |
_aFarrand, John,. _939799 |
| 245 | 1 | 4 | _aThe Audubon Society Master Guide to Birding |
| 260 |
_aNew York : _bKnoff, _c1989 [c.1983] |
||
| 300 | _a3v. | ||
| 500 | _a59-215 | ||
| 505 | _aContenido: v.1 Loons to sandpipers. -- v.2 Gulls to dippers. -- v.3 Old world warblers to sparrows | ||
| 590 |
_aBATCH-UPD _b10 _c20130110 _lUCH01 _h1759 |
||
| 590 |
_aBATCH-UPD _b10 _c20130410 _lUCH01 _h1135 |
||
| 590 |
_aBATCH-UPD _b10 _c20130914 _lUCH01 _h0438 |
||
| 590 |
_aCONVERSION _b10 _c20130109 _lUCH01 _h1304 |
||
| 650 | 1 | 4 |
_aAves acuáticas. _98631 |
| 650 | 1 | 4 |
_aAves _98590 |
| 650 | 1 | 4 |
_aAves _xHábitos y conducta. _98611 |
| 901 | _aBK | ||
| 942 | _cLIBRO | ||
| 949 |
_a598.2 F37 _bBC _cC _d33724000516456 _eC _fv.2 _h82349 _i6018 _si _t191.00 |
||
| 949 |
_a598.2 F37 _bBC _cC _d33724000516464 _eC _fv.1 _gI.164567 _h82348 _i6018 _si _t191.00 |
||
| 949 |
_a598.2 F37 _bBC _cC _d33724000516480 _eC _fv.3 _h82350 _i6018 _si _t191.00 |
||
| 999 |
_c5823 _d5823 |
||